TOP 3 bevölkerungsreichste Städte je Bundesland (AUT) - Statistiken

Allgemein
  • Dieses Quiz wurde 55 mal gespielt
  • Das Durchschnittsergebnis liegt bei 15 aus 25
Antwortstatistiken
Bundesland Einwohner Stadt % Korrekt
Wien 1.897.491 Wien
96%
Salzburg 154.211 Salzburg
94%
Steiermark 288.806 Graz
90%
Oberösterreich 205.726 Linz
88%
Tirol 132.110 Innsbruck
87%
Vorarlberg 29.762 Bregenz
81%
Kärnten 62.243 Villach
81%
Burgenland 14.637 Eisenstadt
77%
Vorarlberg 49.563 Dornbirn
69%
Niederösterreich 45.277 Wiener Neustadt
69%
Vorarlberg 33.862 Feldkirch
63%
Tirol 19.461 Kufstein
63%
Oberösterreich 61.727 Wels
60%
Salzburg 21.170 Hallein
58%
Steiermark 24.584 Leoben
56%
Oberösterreich 38.193 Steyr
52%
Kärnten 24.998 Wolfsberg
52%
Niederösterreich 55.044 Sankt Pölten
50%
Kärnten 100.817 Klagenfurt am Wörthersee
40%
Niederösterreich 27.368 Klosterneuburg
37%
Steiermark 22.753 Kapfenberg
35%
Burgenland 7.623 Oberwart
35%
Tirol 15.920 Telfs
33%
Salzburg 16.820 Saalfelden am Steinernen Meer
27%
Burgenland 8.409 Neusiedl am See
19%
Keine übereinstimmenden Quizze gefunden
Verteilung der Resultate
Anzahl Personen mit jedem Resultat
Perzentil nach korrekt beantworteten Fragen
Ihre Resultats-Entwicklung
Sie haben dieses Quiz noch nicht gespielt